zpět

Detail výsledku týmu

Kozlovka, Hradec Králové

Datum a čas kvízu

20 Celkem bodů Celkový počet nahraných bodů na tomto kvízu bez doplňovacích otázek.
11. Pořadí na kvízu Konečné umístění týmu na tomto kvízu.

Zaznamenané odpovědi

# Otázka Odpověď Body Výsledky
1. V českých médiích jsme se minu... Alpine Pro 1
2. Americký deník The New York Ti... C 1
3. V pondělí se opět konala benef... Heidi Klum 0
4. V úterý večer zastavila na Pro... B) policejní Škoda Forman z 90. let 0
5. Kapitán stříbrných hokejistů d... Washington Capitals 0
6. Téma začneme jednou z nejoblíb... Matěj Kotrba 0
7. V roce 2019 jsme mohli v kinec... Bitva u Midway (v originále Midway) 0
8. Která herečka si zahrála krásn... Diane Kruger 0
9. Půl bodu obdržíte za název fil... Amadeus; Miloš Forman 0
10. Který režisér je podepsán pod... C 0